[Event "POL-ch U13 Qual"]
[Site "Jastrzebia Gora"]
[Date "2021.11.19"]
[Round "7"]
[White "Kolendo, Tymon"]
[Black "Sambor, Piotr"]
[Result "1/2-1/2"]
[WhiteElo "1086"]
[BlackElo "1107"]
[PlyCount "60"]
[EventDate "2021.11.15"]
[EventType "swiss"]
[EventRounds "9"]
[EventCountry "POL"]
[SourceTitle "EXT 2023"]
[Source "ChessBase"]
[SourceDate "2022.10.05"]
[SourceVersion "1"]
[SourceVersionDate "2022.10.05"]
[SourceQuality "1"]

1. d4 d5 2. c4 e6 3. Nc3 c5 4. Nf3 Nc6 5. e3 a6 6. cxd5 exd5 7. dxc5 Nf6 8. a3 Bxc5 9. Be2 b5 10. b4 Bb6 11. Bb2 Bb7 12. 0-0 0-0 13. Qd3 d4 14. exd4 Nxd4 15. Nxd4 Qxd4 16. Qxd4 Bxd4 17. Rad1 Rad8 18. Rd3 Rd7 19. Rfd1 Rfd8 20. Ne4 Bxe4 21. Rxd4 Rxd4 22. Rxd4 Rxd4 23. Bxd4 Nd5 24. g3 f6 25. f3 Bc2 26. f4 f5 27. Kf2 Kf7 28. Bf3 Be4 29. Bd1 g6 30. Bb3 Ke6 1/2-1/2

[Event "POL-ch U13 Qual"]
[Site "Jastrzebia Gora"]
[Date "2021.11.18"]
[Round "6"]
[White "Leoniuk, Jan"]
[Black "Kolendo, Tymon"]
[Result "1/2-1/2"]
[WhiteElo "1212"]
[BlackElo "1086"]
[PlyCount "82"]
[EventDate "2021.11.15"]
[EventType "swiss"]
[EventRounds "9"]
[EventCountry "POL"]
[SourceTitle "EXT 2023"]
[Source "ChessBase"]
[SourceDate "2022.10.05"]
[SourceVersion "1"]
[SourceVersionDate "2022.10.05"]
[SourceQuality "1"]

1. e4 e6 2. d3 d5 3. Nd2 dxe4 4. dxe4 Bc5 5. Ngf3 Nf6 6. h3 0-0 7. Bd3 Nc6 8. 0-0 Re8 9. Nb3 Bb6 10. Qe2 e5 11. Bg5 a6 12. Rad1 Qe7 13. Bd2 Ba7 14. Na5 Nd4 15. Nxd4 Bxd4 16. c3 Ba7 17. Be3 Bxe3 18. Qxe3 b6 19. Nb3 Bb7 20. Qe2 a5 21. Rde1 Red8 22. f4 exf4 23. Rxf4 Qd6 24. Rf3 Qe5 25. Rf5 Qe7 26. Nd4 Nd7 27. Bb5 Ne5 28. Kh1 Rf8 29. Qe3 Ba6 30. Bxa6 Rxa6 31. Qe2 Raa8 32. Qb5 Rfe8 33. Ref1 f6 34. Re1 Qf7 35. b3 Qd7 36. Qe2 Qe7 37. Nb5 Red8 38. Nd4 Re8 39. Nf3 Nxf3 40. Qxf3 Rad8 41. Qe3 Qa3 1/2-1/2

[Event "POL-ch U13 Qual"]
[Site "Jastrzebia Gora"]
[Date "2021.11.15"]
[Round "1"]
[White "Kolendo, Tymon"]
[Black "Nowakowski, Maksymilian"]
[Result "1/2-1/2"]
[WhiteElo "1086"]
[BlackElo "1368"]
[PlyCount "86"]
[EventDate "2021.11.15"]
[EventType "swiss"]
[EventRounds "9"]
[EventCountry "POL"]
[SourceTitle "EXT 2023"]
[Source "ChessBase"]
[SourceDate "2022.10.05"]
[SourceVersion "1"]
[SourceVersionDate "2022.10.05"]
[SourceQuality "1"]

1. d4 Nf6 2. c4 e6 3. Nc3 Bb4 4. Bd2 b6 5. e3 Bb7 6. Nge2 0-0 7. a3 Be7 8. b4 d6 9. Ng3 c5 10. dxc5 dxc5 11. b5 Qc7 12. Qc2 Rd8 13. Rd1 Nbd7 14. f3 Bd6 15. Kf2 Nf8 16. Bd3 Rd7 17. Bc1 Rad8 18. Rd2 Ng6 19. Rhd1 Bxg3+ 20. hxg3 Ne5 21. Be2 Kf8 22. Bb2 Rxd2 23. Rxd2 Rxd2 24. Qxd2 Ned7 25. Bd3 Qd6 26. Qc2 Ne5 27. Be2 Ke7 28. Nd1 Ng6 29. Bd3 Nh5 30. f4 Nf6 31. Bxf6+ Kxf6 32. Nc3 Nf8 33. Be4 Qd7 34. Bxb7 Qxb7 35. Qe4 Qxe4 36. Nxe4+ Ke7 37. Kf3 h5 38. Nf2 f5 39. e4 fxe4+ 40. Nxe4 Nh7 41. g4 hxg4+ 42. Kxg4 Nf6+ 43. Nxf6 gxf6 1/2-1/2